000 01402nam a2200301 a 4500
001 BRCA_2498
005 20190320203834.0
008 241108s1854----sp-a---###---#000-0#spa-u
041 _aspa
044 _asp
084 _a140
_b.M65
_c1854
100 1 _aCervantes Saavedra, Miguel de
_d1547-1616
_9213
245 1 0 _aEl Ingenioso Hidalgo Don Quijote de la Mancha
_ccompuesto por Miguel de Cervantes Saavedra.
260 _aSevilla
_bJuan Mollano
_c1854
300 _a2 v.
_bil.
_c20 cm.
500 _aContenido : v 1. Primera parte. Retrato de Cervantes. Dedicatoria del autor. Prólogo del autor. Versos preliminares. Texto. -- v 2. Segunda parte. Dedicatoria del autor. Prólogo del autor. Texto
500 _aIlustraciones de Tony Johannot. El retrato de Cervantes está grabado por J. López. Edición económica. Semipiel; lomeras decoradas con filetes dorados Lúdovik Osterc
500 _aExistencias : El volumen 1 es de 1854 y el 2 de 1855, ligeramente más chico
500 _aQM124
650 1 4 _aNovela española
_yÉpoca clásica, 1500-1700
_9215
650 1 4 _aLiteratura española
_yÉpoca clásica, 1500-1700
_9216
650 1 4 _aNovela española
_ySiglo XVII
_9217
650 1 4 _aDon Quijote (Personaje ficticio)
_eNovela
_9218
700 1 _aJohannot, Tony
_d1803-1852
_eIlustrador
_97198
740 0 _aEl Ingenioso Hidalgo Don Quijote de la Mancha
902 _aQFM
942 _2lcc
_cB
999 _c2239
_d2239